00194nam a2200085Ia 4500008004100000041000800041100001600049245003400065260000900099230508s1998 xx 000 0 und d aeng aMAHAJAN S N aMETROLOGY AND QUALITY CONTROL c1998